Antología de poetas y prosistas españoles; tomo iv /
Guardado en:
| Autor Principal: | |
|---|---|
| Formato: | Libro |
| Publicado: |
Buenos Aires :
Anaconda,
1937
|
| Materias: | |
| Etiquetas: |
Agregar Etiqueta
Sin Etiquetas, Sea el primero en etiquetar este registro!
|
| LEADER | 00617nam a22002055a 4500 | ||
|---|---|---|---|
| 001 | CEM.cems000944 | ||
| 005 | 20060213000000.0 | ||
| 008 | 130507s1937##################000#0#####d | ||
| 003 | CEMS | ||
| 082 | 0 | 4 | |a 868 |
| 100 | 1 | |a Beltran, Oscar R. | |
| 245 | 1 | 0 | |a Antología de poetas y prosistas españoles; tomo iv / |
| 260 | |a Buenos Aires : |b Anaconda, |c 1937 | ||
| 300 | |a 525 p. | ||
| 505 | 0 | |a Desde el siglo XVII hasta nuestros d¡as.- | |
| 653 | |a Antologia | ||
| 653 | |a Antologia espaÑola | ||
| 653 | |a Literatura | ||
| 653 | |a Poesia espaÑola-siglo de oro | ||
| 859 | |a CEMS |b BIB. CEMS - 11 de abril |h 868 |i B418/IV |p 9097.81 |t Ej.1 | ||
